000 00540nam a2200181Ia 4500
999 _c8849
_d8849
003 OSt
005 20201009102226.0
008 190216s9999||||xx |||||||||||||| ||und||
020 _a9788187328353
040 _coclc
082 _a005.133
_bVAR/P
100 _aVaralakshmi, P V N
_95509
245 0 _aProject Using C With Concepts and Algorithms /
_cP V N Varalakshmi
260 _bScitech Publications,
_c2004.
_aChennai:
300 _a509p
650 _aPhysics
942 _cBK
_2ddc
_h005.133
_iVAR/P
_k005.133
_mVAR/P